000 00514nam a22001577a 4500
005 20180806122903.0
008 120430t xxu||||| |||| 00| 0 eng d
020 _a08176296473
_c550.00
035 _aB-159218, B-159220
040 _aDPL
_bENG
100 _946079
_aMohanty, Jagannath
245 _aTeaching of human rights: new trends and innovations /
_c by Jagannath Mohanthy
260 _aNew Delhi
_bDeep & Deep publications
_c2005
300 _axv,325p.
_c23cm
942 _2ddc
_cEN
_h323
_mMOH
999 _c65852
_d65852